000 00593nam a22001937a 4500
999 _c7723
_d7723
003 OSt
005 20220221123416.0
008 220221b ||||| |||| 00| 0 eng d
020 _a0521499593
040 _cDDC
082 _a530 CAR 1996
100 _aCardy, John L.
_915764
245 _aScaling and Renormalization in Statistical Physics
260 _a New York :
_bCambridge University Press;
_c1996.
300 _axvii, 238 p. :
_b ill. ;
_c 23 cm
504 _aIncludes bibliographical references and index.
650 _aScaling laws (Statistical physics).
_915765
942 _2ddc
_cBOOK